| Tag |
First Indicator |
Second Indicator |
Subfields |
| LEADER |
00000cam a2200000I 4500 |
| 001 |
in00000044087 |
| 005 |
20151007070949.0 |
| 008 |
730110s1938 nyua b 001 0 eng |
| 010 |
|
|
|a 38035970
|
| 029 |
1 |
|
|a NLGGC
|b 100828833
|
| 029 |
1 |
|
|a AU@
|b 000025020963
|
| 029 |
1 |
|
|a AU@
|b 000027351856
|
| 029 |
1 |
|
|a AU@
|b 000004190472
|
| 035 |
|
|
|a (OCoLC)ocm00535134
|
| 035 |
|
|
|a (OCoLC)00535134
|
| 035 |
|
|
|9 AAE5049AM
|
| 035 |
|
|
|a (OCoLC)535134
|
| 040 |
|
|
|a DLC
|c WSU
|d SER
|d NLGGC
|d STF
|d TXA
|d UtOrBLW
|
| 049 |
|
|
|a TXAM
|
| 050 |
0 |
4 |
|a QC174.1
|b .R6 1938
|
| 082 |
0 |
|
|a 530.1
|
| 084 |
|
|
|a 33.23
|2 bcl
|
| 100 |
1 |
|
|a Rojansky, Vladimir,
|d 1900-
|
| 245 |
1 |
0 |
|a Introductory quantum mechanics /
|c by Vladimir Rojansky.
|
| 264 |
|
1 |
|a New York :
|b Prentice-Hall, inc.,
|c 1938.
|
| 300 |
|
|
|a x pages, 1 ℓ., 544 : pages :
|b illustrations ;
|c 24 cm.
|
| 336 |
|
|
|a text
|b txt
|2 rdacontent
|
| 337 |
|
|
|a unmediated
|b n
|2 rdamedia
|
| 338 |
|
|
|a volume
|b nc
|2 rdacarrier
|
| 490 |
1 |
|
|a Prentice-Hall physics series
|
| 504 |
|
|
|a Includes bibliographical references and index.
|
| 650 |
|
0 |
|a Quantum theory.
|
| 830 |
|
0 |
|a Prentice-Hall physics series.
|
| 994 |
|
|
|a C0
|b TXA
|
| 948 |
|
|
|a cataloged
|b h
|c 2009/2/17
|d c
|e jlanham
|f 9:52:23 am
|
| 999 |
|
|
|a MARS
|
| 999 |
f |
f |
|s 76b44fc7-8546-3156-a820-f83848e157c2
|i 8f44796e-d08c-3f00-a472-49db2ede440f
|t 0
|
| 952 |
f |
f |
|p ric
|a Texas A&M University
|b Rellis Campus
|c Joint Library Facility
|d Remote Storage
|t 0
|e QC174.1 .R6 1938
|h Library of Congress classification
|i unmediated -- volume
|m A14837586335
|
| 998 |
f |
f |
|a QC174.1 .R6 1938
|t 0
|l Remote Storage
|